| 000 | 00724nam a2200229Ii 4500 | ||
|---|---|---|---|
| 003 | JO-AjNU | ||
| 008 | 230605s9999||||xx |||||||||||||| ||und|| | ||
| 017 | _a2016/20062 | ||
| 020 | _a978-977-6483-83-5 | ||
| 040 |
_aJO-AjNU _bara _erda _cJO-AjNU |
||
| 041 | _aara | ||
| 050 | 1 | 4 | _aPG3327.2020 |
| 100 | 3 |
_aدوستوبفسكي؛ ترجمة سامي الدروبي, _eauthor _961724 |
|
| 245 | 0 | 0 | _aالفقراء |
| 250 | _aالطبعة الثالثة | ||
| 264 | 3 | 1 | _aبيروت: دار التنوير للطباعة والنشر، 2020 |
| 300 | _a214ص | ||
| 336 |
_atext _btxt _2rdacontent |
||
| 337 |
_aunmediated _bn _2rdamedia |
||
| 338 |
_avolume _bnc _2rdacarrier |
||
| 650 | 4 |
_aروايات روسية _961725 |
|
| 999 |
_aA27915 _c31483 _d31483 |
||